| 000 | 00503nam a22001697a 4500 | ||
|---|---|---|---|
| 003 | OSt | ||
| 082 |
_a631.587 _bASI/ST |
||
| 088 | _aP 511 | ||
| 100 |
_aAsif Hussin _94960 |
||
| 100 |
_aAthira saji _94961 |
||
| 100 |
_aDiveena A S _94962 |
||
| 245 | _aStandardization of Irrigation and fertigation requirement for snake gourd under rain shelter | ||
| 260 |
_aKCAET ,Thavanur _bDepartment of soil and water conservation engineeering _c2021 |
||
| 300 | _a84 p | ||
| 700 | _aJinu A (Guide) | ||
| 942 | _cPR | ||
| 999 |
_c17400 _d17400 |
||